Matemática 9º /
Guardado en:
| Autor Principal: | |
|---|---|
| Formato: | Libro |
| Publicado: |
Buenos Aires :
Tinta fresca,
2005
|
| Materias: | |
| Etiquetas: |
Agregar Etiqueta
Sin Etiquetas, Sea el primero en etiquetar este registro!
|
| LEADER | 00548nam a22001935a 4500 | ||
|---|---|---|---|
| 001 | CEM.cems012273 | ||
| 005 | 20060911080237.0 | ||
| 008 | 130507s2005##################000#0#####d | ||
| 003 | CEMS | ||
| 020 | |a 987576051X | ||
| 082 | 0 | 4 | |a 510 |
| 100 | 1 | |a Aurucis, Patricia Inés | |
| 245 | 1 | 0 | |a Matemática 9º / |c Patricia Inés Auricius |
| 260 | |a Buenos Aires : |b Tinta fresca, |c 2005 | ||
| 300 | |a 79 p. | ||
| 653 | |a Matemática | ||
| 653 | |a Tinta fresca | ||
| 653 | |a Libros de texto | ||
| 859 | |a CEMS |b BIB. CEMS - 11 de abril |h 510 |i Au69-1 |p 23192.05 |t Ej.1 |v 9º |3 9º | ||
